000 00927nam a2200205 i 4500
001 165725
003 ES-MaACL
005 20251011162544.0
008 991222s1861 sp ab |||| | spa d
100 1 _aStanton, M. W.
_9132885
245 1 0 _aInstrucción para el paso del nuevo canal :
_bdescubierto en 1859 por M. W. Stanton entre las isla de Banka y la de Sumatra /
_ctraducido del inglés y publicado por la Dirección de Hidrografía ; [traducido por Ignacio de Negrín].
260 _aMadrid :
_bDepósito Hidrográfico,
_c1861 (
_fImp. de T. Fortanet)
300 _a20 p., [1] h. de mapa pleg. ;
_c21 cm.
594 _aEl trad. consta en verso de port.
650 4 _aNavegación-
_zEstrecho de Banka-
_xInstrucciones.
_9136589
700 1 _aNegrín, Ignacio de,
_d1830-1885
_985306
710 1 _aEspaña.
_bDirección de Hidrografía.
_93694
852 4 _aES-MaACL
_jG-11475
_z- Enc. hol.
999 _c165725
_d165725